[Event "II Campionato Italiano Lampo Online"]
[Site "playchess.com"]
[Date "2007.12.23"]
[Round "1.6"]
[White "Godena, Michele"]
[Black "Rombaldoni, Denis"]
[Result "1/2-1/2"]
[WhiteElo "2600"]
[BlackElo "2575"]
[PlyCount "91"]
[EventDate "2007.12.23"]
[Source "www.chesslib.no"]
[SourceDate "2004.05.04"]

1. e4 c6 2. d4 d5 3. Nd2 dxe4 4. Nxe4 Bf5 5. Nc5 b6 6. Nb3 e6 7. Bd3 Bxd3 8. Qxd3 Nf6 9. Nf3 Be7 10. O-O O-O 11. Re1 Nbd7 12. Bf4 c5 13. Rad1 Qc8 14. c4 cxd4 15. Nbxd4 Qb7 16. b3 Rfd8 17. Qe2 Nc5 18. Ne5 Rac8 19. h3 a6 20. Kf1 Qa8 21. Kg1 Qb7 22. Kf1 Qa8 23. Bh2 Nce4 24. Ndf3 Rxd1 25. Qxd1 Rd8 26. Qc2 Bc5 27. Nd3 Qc8 28. Nxc5 Nxc5 29. Be5 Qd7 30. Bxf6 gxf6 31. Qc3 Qd3+ 32. Qxd3 Rxd3 33. Ke2 a5 34. Rd1 Rxd1 35. Kxd1 Nd3 36. Kd2 Nxf2 37. Ke3 Nd1+ 38. Kd2 Nf2 39. Ke3 Nh1 40. g4 Ng3 41. Nd4 h5 42. Kf3 Nf1 43. Ke2 Ng3+ 44. Kf3 Nf1 45. Ke2 Ng3+ 46. Kf3 1/2-1/2

[Event "Capablanca mem Elite 38th"]
[Site "Havana"]
[Date "2003.05.18"]
[Round "11"]
[White "Zapata, Alonso"]
[Black "Granda Zuniga, Julio E"]
[Result "0-1"]
[WhiteElo "2543"]
[BlackElo "2628"]
[PlyCount "96"]
[EventDate "2003.05.06"]
[Source "ChessBase"]
[SourceDate "2003.09.25"]

1. e4 c6 2. d4 d5 3. Nc3 dxe4 4. Nxe4 Bf5 5. Nc5 b6 6. Nb3 e6 7. Nf3 Nf6 8. g3 Be7 9. Bg2 O-O 10. O-O a5 11. a4 Qc8 12. Re1 Nbd7 13. Bg5 h6 14. Bxf6 Nxf6 15. Ne5 Nd5 16. Nd2 Ra7 17. c3 Rd8 18. Qb3 Rc7 19. Rad1 Qb8 20. Ndc4 Bf6 21. h3 Qa7 22. Rd2 Rcc8 23. Kh2 Qc7 24. Rde2 Rb8 25. Na3 Rdc8 26. Kg1 Rd8 27. Kh2 h5 28. h4 g6 29. Kg1 Kg7 30. f4 Rdc8 31. Rf2 Qd8 32. Qd1 b5 33. Qd2 b4 34. Nac4 c5 35. Ne3 Nxe3 36. Qxe3 bxc3 37. bxc3 cxd4 38. cxd4 Rb4 39. Rd2 Qc7 40. d5 exd5 41. Rxd5 Rxa4 42. Kh2 Ra2 43. Re2 Rxe2 44. Qxe2 a4 45. Qa6 Qc2 46. Nf3 Be4 47. Rd2 Bxf3 48. Rxc2 Rxc2 0-1

[Event "Deutschland 74/153"]
[Site "?"]
[Date "1998.??.??"]
[Round "?"]
[White "Baklan, Vladimir"]
[Black "Epishin, Vladimir"]
[Result "1/2-1/2"]
[WhiteElo "2585"]
[BlackElo "2585"]
[PlyCount "79"]
[Source "ChessBase"]
[SourceDate "1998.10.01"]

1. e4 c6 2. d4 d5 3. Nc3 dxe4 4. Nxe4 Bf5 5. Ng3 Bg6 6. Nf3 Nf6 7. h4 h6 8. Ne5 Bh7 9. Bd3 Bxd3 10. Qxd3 e6 11. Bd2 Be7 12. f4 O-O 13. f5 c5 14. fxe6 fxe6 15. Ne2 Nc6 16. Nxc6 bxc6 17. O-O-O Qd5 18. Nc3 Qf5 19. Qc4 cxd4 20. Qxd4 Qg4 21. Qe5 Rae8 22. Qc7 Qc4 23. Rhe1 Rf7 24. Qxa7 Bd6 25. Qa4 Qxa4 26. Nxa4 Bg3 27. Re2 e5 28. Be1 Bf4+ 29. Kb1 e4 30. c4 h5 31. Nc3 e3 32. Kc2 Ng4 33. a4 Rb8 34. Rd4 Be5 35. Re4 Rfb7 36. Nd1 Rxb2+ 37. Nxb2 Rxb2+ 38. Kd3 Rb3+ 39. Kc2 Rb2+ 40. Kd3 1/2-1/2

[Event "Liepaja rap"]
[Site "Liepaja"]
[Date "2001.08.04"]
[Round "10"]
[White "Sadvakasov, Darmen"]
[Black "Adianto, Utut"]
[Result "1-0"]
[WhiteElo "2568"]
[BlackElo "2598"]
[PlyCount "64"]
[EventDate "2001.08.02"]
[Source "ChessBase"]
[SourceDate "2001.11.13"]

1. e4 c6 2. d4 d5 3. Nd2 dxe4 4. Nxe4 Bf5 5. Ng3 Bg6 6. Bc4 e6 7. N1e2 Nf6 8. O-O Bd6 9. f4 O-O 10. f5 exf5 11. Nxf5 Bxf5 12. Rxf5 Nbd7 13. h3 Qc7 14. Qf1 Nb6 15. Bd3 Nfd7 16. Qf2 Nd5 17. Qh4 g6 18. Bh6 Rfe8 19. Raf1 Re7 20. Nc3 Nxc3 21. bxc3 b5 22. Bg5 Bh2+ 23. Kh1 Bg3 24. Qh6 Rae8 25. Bxe7 Rxe7 26. R5f3 Nb6 27. Qg5 Bd6 28. Re3 Rxe3 29. Qxe3 Nd5 30. Qe8+ Kg7 31. c4 bxc4 32. Bxc4 Nf4 1-0

[Event "Kuppenheim op g/5"]
[Site "?"]
[Date "2003.05.24"]
[Round "52"]
[White "McShane Luke J"]
[Black "Gustavsson Jonas"]
[Result "1-0"]
[WhiteElo "2592"]
[BlackElo "2573"]
[PlyCount "59"]
[EventDate "2003.??.??"]
[Source "www.chesslib.no"]
[SourceDate "2004.05.04"]

1. e4 c6 2. d4 d5 3. Nd2 dxe4 4. Nxe4 Bf5 5. Ng3 Bg6 6. h4 h6 7. h5 Bh7 8. Nf3 e6 9. Bd3 Bxd3 10. Qxd3 Nf6 11. Bd2 Be7 12. O-O-O Nbd7 13. Kb1 O-O 14. Ne4 c5 15. Be3 Qc7 16. Nxf6+ Nxf6 17. g4 Nxg4 18. Rhg1 f5 19. Qc4 Qc6 20. Ne5 Nxe5 21. dxe5 Kh7 22. Rg6 f4 23. Rxe6 Qf3 24. Qd3+ Kh8 25. Rxe7 fxe3 26. Rg1 exf2 27. Qh7+ Kxh7 28. Rgxg7+ Kh8 29. Rh7+ Kg8 30. Reg7# 1-0

[Event "Lone Pine op"]
[Site "Lone Pine"]
[Date "1981.??.??"]
[Round "?"]
[White "Larsen, Bent"]
[Black "Seirawan, Yasser"]
[Result "1/2-1/2"]
[WhiteElo "2610"]
[BlackElo "2555"]
[PlyCount "127"]
[EventDate "1981.04.??"]
[Source "ChessBase"]

1. e4 c6 2. d4 d5 3. Nd2 dxe4 4. Nxe4 Bf5 5. Ng3 Bg6 6. Nf3 Nd7 7. Be2 e6 8. O-O h6 9. c4 Ngf6 10. b3 Be7 11. Bb2 O-O 12. Bd3 Bxd3 13. Qxd3 a5 14. a4 Bb4 15. Rfd1 Qe7 16. Nf1 Rad8 17. Qc2 c5 18. d5 exd5 19. cxd5 Nb6 20. d6 Rxd6 21. Rxd6 Qxd6 22. Rd1 Qe6 23. Ne3 Re8 24. h3 Nbd5 25. Nf5 Qe2 26. Qxe2 Rxe2 27. Bxf6 Nxf6 28. Rd8+ Re8 29. Rxe8+ Nxe8 30. Kf1 f6 31. g4 Kf7 32. h4 Ke6 33. h5 Kd5 34. Ke2 Nc7 35. Nxg7 c4 36. bxc4+ Kxc4 37. Nf5 Bf8 38. N3h4 b5 39. axb5 Nxb5 40. Ne3+ Kc3 41. Nd5+ Kb3 42. Kd3 a4 43. Nf3 Bb4 44. Nxb4 Kxb4 45. Nd2 Nd4 46. Nb1 Nf3 47. Ke3 Ne5 48. Kf4 Kb3 49. g5 hxg5+ 50. Kf5 Kb2 51. Na3 Kxa3 52. h6 Nf7 53. h7 Kb4 54. Kxf6 Nh8 55. Kg7 a3 56. Kxh8 a2 57. Kg8 a1=Q 58. h8=Q Qa2+ 59. Kh7 Qxf2 60. Qb8+ Kc4 61. Qg8+ Kc3 62. Qxg5 Qf7+ 63. Qg7+ Qxg7+ 64. Kxg7 1/2-1/2